[Event "Rio de Janeiro Motta Memorial 2nd"]
[Site "Rio de Janeiro"]
[Date "2018.02.27"]
[Round "2"]
[White "Gomes, Erick"]
[Black "Pereira, Emmanuel"]
[Result "0-1"]
[WhiteElo "1386"]
[BlackElo "1681"]
[PlyCount "122"]
[EventDate "2018.02.20"]
[EventType "swiss"]
[EventRounds "6"]
[EventCountry "BRA"]
[SourceTitle "CBM 183 Extra"]
[Source "ChessBase"]
[SourceDate "2018.04.19"]
[SourceVersion "1"]
[SourceVersionDate "2018.04.19"]
[SourceQuality "1"]

1. d4 d5 2. c4 e6 3. e3 Nf6 4. Nc3 Bb4 5. Bd3 Bxc3+ 6. bxc3 0-0 7. Nf3 dxc4 8. Bxc4 Nbd7 9. Ba3 Re8 10. 0-0 a6 11. Bd3 b6 12. e4 e5 13. dxe5 Nxe5 14. Nxe5 Rxe5 15. f4 Bg4 16. Be2 Qxd1 17. Raxd1 Rxe4 18. Bxg4 Nxg4 19. Rd7 Rc8 20. h3 Nf6 21. Re7 Rxe7 22. Bxe7 Nd5 23. Bb4 c5 24. Rd1 cxb4 25. Rxd5 bxc3 26. Rd1 b5 27. Kf2 b4 28. Ke2 a5 29. Rc1 Rd8 30. Rc2 f5 31. a3 Kf7 32. Ke3 Kf6 33. g4 h6 34. Rc1 g5 35. fxg5+ hxg5 36. Rc2 f4+ 37. Ke4 Rd2 38. Rc1 c2 39. axb4 axb4 40. Ra1 Rd1 41. Ra6+ Ke7 42. Ra7+ Kd6 43. Ra6+ Kc7 44. Kf5 c1Q 45. Kxg5 f3+ 46. Kh4 Rd6 47. Ra7+ Kb8 48. Rf7 Qe1+ 49. Kg5 Rd5+ 50. Kf4 f2 51. Rf8+ Kc7 52. Rf7+ Rd7 53. Rf5 f1R+ 54. Kg5 Rxf5+ 55. gxf5 Qg3+ 56. Kf6 Qxh3 57. Ke5 Qe3+ 58. Kf6 Qe7+ 59. Kg6 Rd6+ 60. Kh5 Qg7 61. Kh4 Rh6# 0-1